[Event "CYCC U08"]
[Site "Hamilton CAN"]
[Date "2022.07.10"]
[Round "6.3"]
[White "Zhang, Kai"]
[Black "Wang, Lucas"]
[Result "1-0"]
[WhiteElo "850"]
[BlackElo "1301"]
[PlyCount "99"]
[EventDate "2022.07.08"]
[EventType "swiss"]
[EventRounds "7"]
[EventCountry "CAN"]

1. e4 c5 2. Nf3 Nc6 3. d4 cxd4 4. Nxd4 Nf6 5. Nc3 e6 6. Ndb5 d5 7. exd5 exd5 8.
Bf4 Bb4 9. Nc7+ Kf8 10. Nxa8 Ne4 11. Bd2 Qf6 12. Nxe4 dxe4 13. Bxb4+ Nxb4 14.
Be2 Ke7 15. O-O Rd8 16. Qc1 Qg6 17. Qe3 b6 18. Qa3 Kf8 19. Qxb4+ Kg8 20. Qe7
Rf8 21. Rfd1 Bh3 22. g3 h6 23. Rd8 Rxd8 24. Qxd8+ Kh7 25. Qe8 Qf5 26. Qxe4 Qxe4
27. Bd3 Qxd3 28. cxd3 Kg6 29. Re1 f6 30. Re7 Bf5 31. Rxa7 Bxd3 32. Nxb6 h5 33.
Nd5 Be4 34. Nf4+ Kh6 35. a4 Bc6 36. b4 g5 37. b5 Be8 38. Nd5 Kg6 39. b6 Bc6 40.
Ne7+ Kh6 41. Nxc6 Kg6 42. b7 Kf5 43. b8=Q h4 44. Ra5+ Kg4 45. Qb4+ Kh5 46. g4+
Kg6 47. Ra7 h3 48. Qe4+ Kh6 49. Qd3 f5 50. Qd6# 1-0

[Event "CYCC U08"]
[Site "Hamilton CAN"]
[Date "2022.07.10"]
[Round "6.4"]
[White "Yang, Albert"]
[Black "Zhang, Finley"]
[Result "1-0"]
[WhiteElo "1149"]
[BlackElo "953"]
[PlyCount "59"]
[EventDate "2022.07.08"]
[EventType "swiss"]
[EventRounds "7"]
[EventCountry "CAN"]

1. Nf3 Nc6 2. g3 e5 3. d3 Nf6 4. Bg2 d5 5. O-O Bc5 6. Nbd2 Be6 7. e4 Qd7 8. Ng5
Bg4 9. Qe1 h6 10. Ngf3 O-O-O 11. a3 g5 12. exd5 Bxf3 13. Nxf3 g4 14. dxc6 Qxc6
15. Nxe5 Qb6 16. Nxf7 Rde8 17. Qd2 Rh7 18. Nxh6 Reh8 19. Nf5 Rxh2 20. d4 Bd6
21. c3 Qa5 22. Nxd6+ cxd6 23. Qg5 Qd8 24. Qf5+ Kb8 25. Bg5 Qe8 26. Qxf6 Qh5 27.
Bh4 Rxh4 28. Qxh4 Qe8 29. Qxg4 Qf7 30. Rfe1 1-0

[Event "CYCC U08"]
[Site "Hamilton CAN"]
[Date "2022.07.10"]
[Round "6.5"]
[White "Li, Oliver"]
[Black "Deng, Jeffrey"]
[Result "1-0"]
[WhiteElo "1146"]
[BlackElo "431"]
[PlyCount "67"]
[EventDate "2022.07.08"]
[EventType "swiss"]
[EventRounds "7"]
[EventCountry "CAN"]

1. d4 d5 2. c4 dxc4 3. e4 Nc6 4. Nf3 e6 5. Bxc4 Nf6 6. Nc3 Be7 7. Bg5 O-O 8.
O-O Bd7 9. Re1 Na5 10. Bb3 Nxb3 11. axb3 h6 12. Bf4 c5 13. d5 Qe8 14. d6 Bd8
15. e5 Nh7 16. Be3 b6 17. Nd2 f6 18. Bf4 fxe5 19. Bxe5 Bf6 20. Qg4 Bxe5 21.
Rxe5 Nf6 22. Qg3 g5 23. Qh3 Qg6 24. Na4 Kg7 25. Qf3 Nd5 26. Qg3 Qc2 27. Ne4 Rf4
28. Nxg5 hxg5 29. Rxg5+ Kf6 30. Rxd5 exd5 31. Qxf4+ Qf5 32. Qh6+ Qg6 33. Qxg6+
Kxg6 34. Nxb6 1-0

[Event "CYCC U08"]
[Site "Hamilton CAN"]
[Date "2022.07.10"]
[Round "6.6"]
[White "Banerjee, Evan"]
[Black "Kwan, Cameron"]
[Result "0-1"]
[WhiteElo "849"]
[BlackElo "1127"]
[PlyCount "74"]
[EventDate "2022.07.08"]
[EventType "swiss"]
[EventRounds "7"]
[EventCountry "CAN"]

1. e4 c5 2. Nf3 d6 3. d4 cxd4 4. Nxd4 Nf6 5. Nc3 a6 6. Be3 e6 7. Be2 Be7 8. O-O
O-O 9. f3 Nbd7 10. Bd3 b5 11. a3 Bb7 12. Re1 Rc8 13. Qe2 Qc7 14. Rad1 d5 15.
exd5 exd5 16. Bf2 Bd6 17. g3 Rfe8 18. Qd2 Ne5 19. Kg2 Bc5 20. Nb3 Bxf2 21. Qxf2
Rcd8 22. Qc5 Qxc5 23. Nxc5 Bc8 24. f4 Nxd3 25. Nxd3 Bg4 26. Rd2 Rxe1 27. Nxe1
h6 28. Nd3 Ne4 29. Nxe4 dxe4 30. h3 Be6 31. g4 exd3 32. cxd3 g6 33. d4 Kf8 34.
Kf3 Ke7 35. Ke4 f5+ 36. gxf5 gxf5+ 37. Ke5 Rd5# 0-1

[Event "CYCC U08"]
[Site "Hamilton CAN"]
[Date "2022.07.10"]
[Round "6.7"]
[White "Puppala, Aekaay"]
[Black "Yang, Andrew"]
[Result "0-1"]
[WhiteElo "927"]
[BlackElo "748"]
[PlyCount "49"]
[EventDate "2022.07.08"]
[EventType "swiss"]
[EventRounds "7"]
[EventCountry "CAN"]

1. e4 c5 2. Nf3 Nc6 3. Nc3 Nf6 4. Bc4 h6 5. O-O e6 6. d4 cxd4 7. Nxd4 Nxd4 8.
Qxd4 Be7 9. e5 Nh7 10. f4 Qc7 11. Nb5 Qc6 12. Be3 a6 13. Nc3 O-O 14. Bd3 f6 15.
Bg6 f5 16. Kf2 Bh4+ 17. g3 Be7 18. Qd2 Bc5 19. Bxc5 Qxc5+ 20. Ke2 b6 21. Qd3 a5
22. Qd4 Ba6+ 23. Kd2 d6 24. Kc1 dxe5 25. Qxe5 {Unreadable} 0-1

[Event "CYCC U08"]
[Site "Hamilton CAN"]
[Date "2022.07.11"]
[Round "7.1"]
[White "Xu, Ryan"]
[Black "Zhang, Kai"]
[Result "1/2-1/2"]
[WhiteElo "1565"]
[BlackElo "850"]
[PlyCount "32"]
[EventDate "2022.07.08"]
[EventType "swiss"]
[EventRounds "7"]
[EventCountry "CAN"]

1. d4 d5 2. c4 c6 3. Nf3 e6 4. Nc3 Nf6 5. Bg5 Be7 6. e3 O-O 7. Bd3 h6 8. Bxf6
Bxf6 9. cxd5 exd5 10. O-O Bg4 11. Bc2 Bh5 12. h3 Nd7 13. e4 Nb6 14. e5 Be7 15.
Re1 Nc4 16. Qe2 Re8 1/2-1/2

[Event "CYCC U08"]
[Site "Hamilton CAN"]
[Date "2022.07.11"]
[Round "7.2"]
[White "Yang, Albert"]
[Black "Mutyalapati, Modith Aaroh"]
[Result "0-1"]
[WhiteElo "1149"]
[BlackElo "1688"]
[PlyCount "46"]
[EventDate "2022.07.08"]
[EventType "swiss"]
[EventRounds "7"]
[EventCountry "CAN"]

1. Nf3 Nf6 2. g3 Nc6 3. Bg2 g6 4. O-O Bg7 5. d3 O-O 6. e4 d6 7. Nbd2 e5 8. h3
d5 9. Re1 dxe4 10. dxe4 h6 11. b3 Qe7 12. Bb2 Rd8 13. Qc1 g5 14. Nc4 g4 15.
Nfxe5 Nxe5 16. Bxe5 gxh3 17. Bf3 b5 18. Bxf6 Qxf6 19. Rd1 Rxd1+ 20. Qxd1 Qxa1
21. Qxa1 Bxa1 22. Nd2 Be6 23. Nb1 Rd8 0-1

[Event "CYCC U08"]
[Site "Hamilton CAN"]
[Date "2022.07.11"]
[Round "7.3"]
[White "Narula, Japveer"]
[Black "Zheng, Kingsley"]
[Result "1-0"]
[WhiteElo "1326"]
[BlackElo "687"]
[PlyCount "77"]
[EventDate "2022.07.08"]
[EventType "swiss"]
[EventRounds "7"]
[EventCountry "CAN"]

1. e4 e5 2. Nf3 Nc6 3. c3 Bc5 4. d4 Bd6 5. d5 Nce7 6. c4 Ng6 7. Be3 Nf6 8. Nc3
Bb4 9. Qc2 b6 10. Bd3 Ba6 11. a3 Bc5 12. O-O d6 13. b4 Bxe3 14. fxe3 O-O 15. h3
Nh5 16. Kh2 Bb7 17. Rab1 c6 18. b5 cxd5 19. Nxd5 Bxd5 20. cxd5 Rc8 21. Qd2 Nh4
22. Rbc1 Qf6 23. Nd4 Qg5 24. Nc6 Ra8 25. Qf2 h6 26. Qg1 Qg3+ 27. Kh1 Qg6 28.
Ne7+ Kh7 29. Nxg6 Kxg6 30. g3 Kh7 31. gxh4 f6 32. Qg4 g6 33. Rg1 Rg8 34. Qd7+
Rg7 35. Qxd6 Re8 36. Rc7 Rxc7 37. Qxc7+ Kh8 38. Rxg6 Rg8 39. Rxh6# 1-0

[Event "CYCC U08"]
[Site "Hamilton CAN"]
[Date "2022.07.11"]
[Round "7.4"]
[White "Wang, Lucas"]
[Black "Zhu, Edison"]
[Result "1-0"]
[WhiteElo "1301"]
[BlackElo "1204"]
[PlyCount "83"]
[EventDate "2022.07.08"]
[EventType "swiss"]
[EventRounds "7"]
[EventCountry "CAN"]

1. d4 d5 2. Bf4 Nf6 3. e3 Nc6 4. c4 e6 5. Nf3 Bb4+ 6. Nc3 Ne4 7. Rc1 O-O 8. Be2
h6 9. O-O Nf6 10. Nb5 Ba5 11. a3 a6 12. Nc3 Ne7 13. b4 Bb6 14. Qb3 a5 15. c5
Ba7 16. b5 c6 17. a4 b6 18. Ne5 Bb7 19. bxc6 Nxc6 20. Nb5 bxc5 21. dxc5 Nxe5
22. Bxe5 Bc6 23. Bd6 Re8 24. Nc7 Rb8 25. Qa3 Re7 26. Bxe7 Qxe7 27. Nb5 Bxb5 28.
axb5 Rc8 29. b6 Bxb6 30. Qa4 Rxc5 31. Rxc5 Qxc5 32. Rb1 Qc7 33. Qb3 Bc5 34. Bd3
Bb4 35. Qb2 e5 36. Rc1 Qb8 37. Bf5 Ne8 38. Rc8 Qb5 39. h3 f6 40. Bg6 Qa6 41.
Rxe8+ Bf8 42. Qb8 1-0

[Event "CYCC U08"]
[Site "Hamilton CAN"]
[Date "2022.07.11"]
[Round "7.7"]
[White "Zhang, Finley"]
[Black "Banerjee, Evan"]
[Result "1-0"]
[WhiteElo "953"]
[BlackElo "849"]
[PlyCount "29"]
[EventDate "2022.07.08"]
[EventType "swiss"]
[EventRounds "7"]
[EventCountry "CAN"]

1. e4 e5 2. Nf3 Nc6 3. Bb5 Nf6 4. O-O d6 5. c3 Nxe4 6. Re1 Nf6 7. d4 Be6 8. c4
exd4 9. Nxd4 Qd7 10. f4 O-O-O 11. Nxc6 Bg4 12. Qa4 bxc6 13. Ba6+ Kb8 14. Qb4+
Ka8 15. Qb7# 1-0

[Event "CYCC U08 w"]
[Site "Hamilton CAN"]
[Date "2022.07.08"]
[Round "1.1"]
[White "Li, Cheryl"]
[Black "Huang, Chloe"]
[Result "0-1"]
[WhiteElo "685"]
[BlackElo "989"]
[PlyCount "114"]
[EventDate "2022.07.08"]
[EventType "swiss"]
[EventRounds "5"]
[EventCountry "CAN"]

1. e4 e5 2. Nf3 Nc6 3. Nc3 Nf6 4. Bc4 d6 5. O-O g6 6. h3 Bg7 7. d4 Be6 8. Bd3
exd4 9. Nd5 Bxd5 10. exd5 Nxd5 11. Re1+ Nce7 12. b3 O-O 13. Bb2 c5 14. Qd2 Nc6
15. Qd1 Re8 16. Bc1 Nc3 17. Rxe8+ Qxe8 18. Qf1 Ne5 19. Nxe5 Qxe5 20. Bd2 Nd5
21. Re1 Qf6 22. Bc4 Nc7 23. c3 d5 24. Bd3 b5 25. c4 b4 26. cxd5 Nxd5 27. Be4
Qd6 28. Bf4 Qc6 29. Qc4 Re8 30. Bd2 Rd8 31. Bxd5 Qxd5 32. Re8+ Bf8 33. Qb5 Rxe8
34. Qxe8 Qe6 35. Qd8 Qe7 36. Qc8 Qe2 37. Bh6 Qe7 38. Bxf8 Qxf8 39. Qb7 a5 40.
Qb5 Qd8 41. Qxc5 d3 42. Qc1 Qe7 43. Qd2 Qe2 44. Qxd3 Qxd3 45. Kh1 Qf1+ 46. Kh2
f5 47. a4 g5 48. g3 Qxf2+ 49. Kh1 f4 50. gxf4 gxf4 51. h4 Qxh4+ 52. Kg1 Qg4+
53. Kf1 Qg3 54. Ke2 f3+ 55. Kd2 f2 56. Kc2 f1=Q 57. Kb2 Qgg2# 0-1

[Event "CYCC U08 w"]
[Site "Hamilton CAN"]
[Date "2022.07.08"]
[Round "1.2"]
[White "Sreekumar, Gayathri"]
[Black "Li, Sophia"]
[Result "1-0"]
[WhiteElo "916"]
[BlackElo "655"]
[PlyCount "89"]
[EventDate "2022.07.08"]
[EventType "swiss"]
[EventRounds "5"]
[EventCountry "CAN"]

1. d4 d5 2. c4 e6 3. Nc3 Nf6 4. Nf3 c5 5. e3 cxd4 6. exd4 Nc6 7. Bd3 Bb4 8. O-O
Bxc3 9. bxc3 Bd7 10. Re1 Qc7 11. Bg5 h6 12. Bxf6 gxf6 13. cxd5 Ne7 14. dxe6
fxe6 15. Qc2 O-O-O 16. Qb2 Bc6 17. Nd2 Nd5 18. Be4 Ne7 19. Bxc6 Nxc6 20. Rxe6
Rhf8 21. Ne4 f5 22. Nf6 Qf7 23. Rb1 Na5 24. Ra6 b6 25. Rxa5 Qxf6 26. Rxa7 Rd6
27. Ra8+ Kc7 28. Rxf8 Qxf8 29. Qb4 Qf7 30. a4 Qd5 31. h3 Rg6 32. Qe7+ Kc8 33.
Qe8+ Kc7 34. Qxg6 Qe4 35. Qxb6+ Kc8 36. Qa6+ Kc7 37. Rb6 f4 38. Rxh6 Kd7 39.
Qa7+ Kd8 40. Rh8+ Qe8 41. Rxe8+ Kxe8 42. h4 Kf8 43. h5 Kg8 44. h6 Kh8 45. Qg7#
1-0

[Event "CYCC U08 w"]
[Site "Hamilton CAN"]
[Date "2022.07.08"]
[Round "2.1"]
[White "Huang, Chloe"]
[Black "Pillai, Arya"]
[Result "1-0"]
[WhiteElo "989"]
[BlackElo "739"]
[PlyCount "133"]
[EventDate "2022.07.08"]
[EventType "swiss"]
[EventRounds "5"]
[EventCountry "CAN"]

1. e4 e5 2. Nf3 Nc6 3. Bc4 Bc5 4. c3 Qf6 5. d4 exd4 6. Bg5 Qd6 7. b4 Bb6 8. Qb3
dxc3 9. Bxf7+ Kf8 10. Nxc3 Qxb4 11. Qxb4+ Nxb4 12. Bb3 Nf6 13. O-O d6 14. Rfe1
Bg4 15. e5 Bxf3 16. exf6 Nd3 17. Re7 gxf6 18. Rf7+ Ke8 19. gxf3 Bxf2+ 20. Kf1
fxg5 21. Rd1 Nb2 22. Rd2 Rf8 23. Rxf8+ Kxf8 24. Rxf2 Nd3 25. Rg2 Re8 26. Re2
Rxe2 27. Kxe2 Nc1+ 28. Kd2 Nxb3+ 29. axb3 h5 30. Nd5 c6 31. Nf6 h4 32. Nh7+ Kg7
33. Nxg5 d5 34. Ne6+ Kf6 35. Nc5 b6 36. Nd3 c5 37. b4 c4 38. Nf2 d4 39. b5 c3+
40. Kc2 Ke5 41. Nd3+ Kd5 42. f4 Ke4 43. h3 Kf5 44. Kb3 Ke4 45. Kc2 Kf5 46. Kb3
Ke4 47. Kc4 c2 48. f5 Kxf5 49. Kxd4 c1=Q 50. Nxc1 Ke6 51. Kc4 Kd7 52. Kd5 a5
53. bxa6 Kc8 54. Kc6 Kb8 55. Kxb6 Ka8 56. Nd3 Kb8 57. Nc5 Ka8 58. Nd3 Kb8 59.
Nf4 Ka8 60. Ng6 Kb8 61. Nxh4 Ka8 62. Ng6 Kb8 63. h4 Ka8 64. h5 Kb8 65. h6 Ka8
66. h7 Kb8 67. h8=Q# 1-0

[Event "CYCC U08 w"]
[Site "Hamilton CAN"]
[Date "2022.07.08"]
[Round "2.4"]
[White "Fang, Chelsea"]
[Black "Li, Sophia"]
[Result "1-0"]
[WhiteElo "867"]
[BlackElo "655"]
[PlyCount "65"]
[EventDate "2022.07.08"]
[EventType "swiss"]
[EventRounds "5"]
[EventCountry "CAN"]

1. d4 Nf6 2. Nf3 d6 3. Bf4 Nc6 4. g4 Nxd4 5. Nxd4 e5 6. e3 exf4 7. exf4 Bxg4 8.
Ne2 Be7 9. Bg2 c6 10. O-O Qd7 11. Nd2 O-O 12. Nc4 d5 13. Ne5 Qe6 14. Nxg4 Nxg4
15. Nd4 Qg6 16. Re1 Bc5 17. h3 Nf6 18. Re5 Rfe8 19. Rg5 Qh6 20. Nf5 Qxg5 21.
fxg5 Ne4 22. Bxe4 dxe4 23. b4 Rad8 24. bxc5 Rxd1+ 25. Rxd1 g6 26. Nh6+ Kg7 27.
Rd7 Rf8 28. Rxb7 Rd8 29. Rxf7+ Kh8 30. Rxa7 Rd1+ 31. Kg2 Rd5 32. Ra8+ Kg7 33.
Rg8# 1-0

[Event "CYCC U08 w"]
[Site "Hamilton CAN"]
[Date "2022.07.08"]
[Round "2.6"]
[White "Zhang, Chelcea"]
[Black "Li, Cheryl"]
[Result "0-1"]
[WhiteElo "867"]
[BlackElo "685"]
[PlyCount "26"]
[EventDate "2022.07.08"]
[EventType "swiss"]
[EventRounds "5"]
[EventCountry "CAN"]

1. e4 e5 2. Nf3 Nc6 3. Bc4 Bc5 4. Na3 Nf6 5. Nb5 Nxe4 6. h4 Nxf2 7. Kf1 Nxd1 8.
Be2 Nf2 9. d3 Ng4 10. Nxe5 Ncxe5 11. Bf4 O-O 12. Bxe5 Qxh4 13. Bf3 Qf2# 0-1

[Event "CYCC U08 w"]
[Site "Hamilton CAN"]
[Date "2022.07.09"]
[Round "3.1"]
[White "Sreekumar, Gayathri"]
[Black "Huang, Chloe"]
[Result "1-0"]
[WhiteElo "916"]
[BlackElo "989"]
[PlyCount "75"]
[EventDate "2022.07.08"]
[EventType "swiss"]
[EventRounds "5"]
[EventCountry "CAN"]

1. d4 d5 2. c4 e6 3. Nc3 c5 4. cxd5 exd5 5. Nf3 Nc6 6. e3 Nf6 7. Bb5 Bd7 8. O-O
a6 9. Ba4 b5 10. Bb3 c4 11. Bc2 Be6 12. Re1 g6 13. e4 dxe4 14. Nxe4 Nxe4 15.
Bxe4 Qd6 16. d5 Bxd5 17. Qxd5 O-O-O 18. Qxc6+ Qxc6 19. Bxc6 Bg7 20. h3 Rhf8 21.
Re7 Rd6 22. Bb7+ Kd8 23. Re2 Re8 24. Rxe8+ Kxe8 25. Bf4 Rb6 26. Re1+ Kf8 27.
Bd5 Bxb2 28. Bh6+ Bg7 29. Bxg7+ Kxg7 30. Re7 Rf6 31. Ne5 Kh6 32. Ng4+ Kh5 33.
Nxf6+ Kg5 34. Nxh7+ Kh6 35. Rxf7 Kh5 36. f4 Kh6 37. Nf6 c3 38. Rh7# 1-0

[Event "CYCC U08 w"]
[Site "Hamilton CAN"]
[Date "2022.07.09"]
[Round "3.4"]
[White "Deshpande, Rucha"]
[Black "Fu, Ashley"]
[Result "0-1"]
[WhiteElo "801"]
[BlackElo "867"]
[PlyCount "90"]
[EventDate "2022.07.08"]
[EventType "swiss"]
[EventRounds "5"]
[EventCountry "CAN"]

1. d4 d5 2. c4 e6 3. Nc3 c5 4. dxc5 Bxc5 5. Nf3 Nf6 6. e3 O-O 7. Bd3 Re8 8. O-O
Nc6 9. e4 a6 10. e5 Nd7 11. Bf4 f6 12. exf6 Qxf6 13. Bg5 Qf7 14. Qc2 g6 15. Bh6
Nf6 16. h3 d4 17. Ne4 Nxe4 18. Bxe4 Ne7 19. Qe2 Nf5 20. Bxf5 Qxf5 21. Qe5 Qxe5
22. Nxe5 Bd6 23. Nf3 e5 24. Rac1 b6 25. b4 Bxb4 26. a4 Bb7 27. Bd2 Bd6 28. Rb1
Bxf3 29. gxf3 Rab8 30. Bb4 Bc7 31. c5 bxc5 32. Bxc5 Kf7 33. Rxb8 Rxb8 34. Re1
Rb3 35. f4 Kf6 36. fxe5+ Bxe5 37. f4 Bxf4 38. Bxd4+ Kf5 39. Rf1 Rxh3 40. Kg2
Rg3+ 41. Kf2 h5 42. Ke2 g5 43. Bf2 Rg2 44. Kf3 Rh2 45. Bg3 g4# 0-1

[Event "CYCC U08 w"]
[Site "Hamilton CAN"]
[Date "2022.07.09"]
[Round "3.6"]
[White "Li, Cheryl"]
[Black "Nagnibedovsky, Elizabeth"]
[Result "1-0"]
[WhiteElo "685"]
[BlackElo "747"]
[PlyCount "57"]
[EventDate "2022.07.08"]
[EventType "swiss"]
[EventRounds "5"]
[EventCountry "CAN"]

1. e4 e5 2. Nf3 Nc6 3. Nc3 Nf6 4. Bc4 Bb4 5. Ng5 O-O 6. O-O Nd5 7. Nxd5 Qxg5 8.
Nxb4 Nxb4 9. d4 d5 10. Bxg5 dxe4 11. dxe5 Be6 12. Bxe6 fxe6 13. Be7 Rf7 14.
Bxb4 a5 15. Bd2 Raf8 16. Bxa5 e3 17. fxe3 Rxf1+ 18. Qxf1 Rxf1+ 19. Rxf1 b6 20.
Bb4 h6 21. Rf8+ Kh7 22. Rf7 Kg6 23. Rxc7 Kg5 24. Rxg7+ Kf5 25. Bc3 h5 26. Rb7
Kg4 27. h3+ Kg3 28. Rb8 h4 29. Rg8# 1-0

[Event "CYCC U08 w"]
[Site "Hamilton CAN"]
[Date "2022.07.09"]
[Round "4.3"]
[White "Fang, Chelsea"]
[Black "Li, Cheryl"]
[Result "1-0"]
[WhiteElo "867"]
[BlackElo "685"]
[PlyCount "57"]
[EventDate "2022.07.08"]
[EventType "swiss"]
[EventRounds "5"]
[EventCountry "CAN"]

1. d4 d5 2. c4 Nf6 3. e3 Nc6 4. Nc3 e5 5. dxe5 Nxe5 6. cxd5 Bc5 7. Bb5+ Ned7 8.
Nf3 O-O 9. O-O a6 10. Ba4 b5 11. Bb3 Bd6 12. h3 Ne5 13. Nd4 b4 14. Nce2 c5 15.
dxc6 Ne4 16. f3 Nxf3+ 17. Rxf3 Qg5 18. a3 Qe5 19. axb4 Qh2+ 20. Kf1 Qh1+ 21.
Ng1 a5 22. Nb5 Ba6 23. Bxf7+ Kh8 24. c7 Nc3 25. Qxd6 Ne4 26. Qd4 Rxf7 27. Rxf7
Ng3+ 28. Kf2 Qh2 29. Qxg7# 1-0

[Event "CYCC U08 w"]
[Site "Hamilton CAN"]
[Date "2022.07.09"]
[Round "4.6"]
[White "Nagnibedovsky, Elizabeth"]
[Black "Li, Sophia"]
[Result "0-1"]
[WhiteElo "747"]
[BlackElo "655"]
[PlyCount "58"]
[EventDate "2022.07.08"]
[EventType "swiss"]
[EventRounds "5"]
[EventCountry "CAN"]

1. e4 e5 2. Nf3 Nc6 3. Nc3 Nf6 4. Bb5 Bc5 5. O-O a6 6. Bc4 d6 7. Ng5 O-O 8. Bd5
Nxd5 9. Qh5 h6 10. exd5 Nd4 11. Nce4 Nf5 12. d3 c6 13. Nxf7 Rxf7 14. dxc6 bxc6
15. Nxc5 dxc5 16. Re1 Qd6 17. g3 Nd4 18. Rb1 g6 19. Qxh6 Nf3+ 20. Kf1 Nxe1 21.
Kxe1 Qf6 22. f4 exf4 23. gxf4 Qe6+ 24. Kd1 Qg4+ 25. Ke1 Re7+ 26. Kf1 Qe2+ 27.
Kg1 Qg4+ 28. Kf2 Re2+ 29. Kf1 Qg2# 0-1

[Event "CYCC U08 w"]
[Site "Hamilton CAN"]
[Date "2022.07.10"]
[Round "5.2"]
[White "Sreekumar, Gayathri"]
[Black "Fang, Chelsea"]
[Result "0-1"]
[WhiteElo "916"]
[BlackElo "867"]
[PlyCount "78"]
[EventDate "2022.07.08"]
[EventType "swiss"]
[EventRounds "5"]
[EventCountry "CAN"]

1. d4 d5 2. c4 Nf6 3. Nc3 c6 4. Bg5 h6 5. Bh4 g5 6. Bg3 Bf5 7. Nf3 Nbd7 8. e3
Bg7 9. Qb3 b6 10. cxd5 cxd5 11. Nxd5 Nxd5 12. Qxd5 Bc2 13. Bb5 Bf5 14. Qxf5 e6
15. Qd3 O-O 16. O-O Nb8 17. Rac1 a6 18. Bc6 Ra7 19. Be4 f5 20. Bc6 Rff7 21. Qb3
Rf6 22. Be5 Rg6 23. Bxg7 Kxg7 24. d5 exd5 25. Qxd5 Nxc6 26. Qxc6 Rxc6 27. Rxc6
Rd7 28. Ne5 Rd1 29. Rg6+ Kf8 30. h3 Rxf1+ 31. Kh2 Rxf2 32. Rf6+ Qxf6 33. Nd7+
Ke7 34. Nxf6 Kxf6 35. Kg3 Rxb2 36. h4 gxh4+ 37. Kxh4 Rxa2 38. Kh5 Rxg2 39. Kxh6
Rh2# 0-1

[Event "CYCC U08 w"]
[Site "Hamilton CAN"]
[Date "2022.07.10"]
[Round "5.3"]
[White "Li, Sophia"]
[Black "Deshpande, Rucha"]
[Result "1/2-1/2"]
[WhiteElo "655"]
[BlackElo "801"]
[PlyCount "112"]
[EventDate "2022.07.08"]
[EventType "swiss"]
[EventRounds "5"]
[EventCountry "CAN"]

1. e4 e5 2. Nf3 Nc6 3. Nc3 Nf6 4. d3 h6 5. Be3 Bb4 6. a3 Ba5 7. d4 d6 8. dxe5
dxe5 9. Qxd8+ Nxd8 10. Nxe5 O-O 11. Bc4 Bxc3+ 12. bxc3 Nxe4 13. O-O Nxc3 14.
Bc5 Re8 15. Rfe1 Bf5 16. Bb4 Na4 17. Bb3 Nb6 18. Rad1 Be6 19. Bxe6 Nxe6 20. a4
Rad8 21. a5 Nd5 22. Ba3 Nc3 23. Rxd8 Rxd8 24. Be7 Rd1 25. Nf3 Rxe1+ 26. Nxe1
Nd4 27. Bc5 Ndb5 28. h4 b6 29. axb6 cxb6 30. Be7 a5 31. g4 Ne2+ 32. Kg2 Nbc3
33. Nd3 a4 34. Bd6 Nb1 35. Kf3 Nec3 36. Nb2 a3 37. Bxa3 Nxa3 38. Ke3 Ncb5 39.
Kd3 g6 40. f3 Kg7 41. f4 f6 42. g5 hxg5 43. hxg5 fxg5 44. fxg5 Kf7 45. Ke4 Ke6
46. Nd3 Nd6+ 47. Kf4 Nxc2 48. Ne5 Nf7 49. Nxg6 Nxg5 50. Kxg5 Kd5 51. Nf4+ Kc4
52. Kf5 b5 53. Ne2 b4 54. Nc1 Kc3 55. Na2+ Kb3 56. Nxb4 Nxb4 1/2-1/2

[Event "CYCC U08 w"]
[Site "Hamilton CAN"]
[Date "2022.07.10"]
[Round "5.5"]
[White "Pillai, Arya"]
[Black "Li, Cheryl"]
[Result "0-1"]
[WhiteElo "739"]
[BlackElo "685"]
[PlyCount "32"]
[EventDate "2022.07.08"]
[EventType "swiss"]
[EventRounds "5"]
[EventCountry "CAN"]

1. d4 e5 2. Nf3 Nc6 3. dxe5 Bc5 4. Nc3 d6 5. Bf4 Nge7 6. e3 O-O 7. Bd3 dxe5 8.
Nxe5 Nxe5 9. Bxe5 Nf5 10. e4 Qg5 11. O-O Nh4 12. Bg3 Bg4 13. Bxh4 Qxh4 14. g3
Qh3 15. Qc1 Bf3 16. e5 Qg2# 0-1

[Event "CYCC U08 w"]
[Site "Hamilton CAN"]
[Date "2022.07.10"]
[Round "6.3"]
[White "Li, Cheryl"]
[Black "Sreekumar, Gayathri"]
[Result "0-1"]
[WhiteElo "685"]
[BlackElo "916"]
[PlyCount "52"]
[EventDate "2022.07.08"]
[EventType "swiss"]
[EventRounds "5"]
[EventCountry "CAN"]

1. e4 c5 2. Nc3 d6 3. Nf3 Nf6 4. Bc4 g6 5. O-O Bg7 6. d3 O-O 7. h3 Nc6 8. d4
cxd4 9. Nxd4 Bd7 10. Nxc6 Bxc6 11. Bd3 Rc8 12. Nd5 Nxd5 13. exd5 Bxd5 14. Be2
e6 15. Bd2 Bxb2 16. Rb1 Bf6 17. Bh6 Re8 18. Bh5 gxh5 19. Qxh5 Bg7 20. Qg4 Qf6
21. Bg5 Qg6 22. Qg3 Bd4 23. Rbd1 Bb6 24. h4 h6 25. h5 Qxg5 26. Qxd6 Qxg2# 0-1

[Event "CYCC U08 w"]
[Site "Hamilton CAN"]
[Date "2022.07.10"]
[Round "6.4"]
[White "Deshpande, Rucha"]
[Black "Nagnibedovsky, Elizabeth"]
[Result "1-0"]
[WhiteElo "801"]
[BlackElo "747"]
[PlyCount "32"]
[EventDate "2022.07.08"]
[EventType "swiss"]
[EventRounds "5"]
[EventCountry "CAN"]

1. d4 d5 2. c4 c5 3. dxc5 e5 4. cxd5 Bxc5 5. Nc3 Nf6 6. e4 O-O 7. Nf3 Bd4 8.
Bd3 Ng4 9. O-O Qf6 10. Bg5 Qg6 11. h3 Nxf2 12. Rxf2 Bxf2+ 13. Kxf2 f6 14. Be3
Na6 15. Bc2 Nb4 16. d6 Be6 {Unreadable} 1-0

[Event "CYCC U08 w"]
[Site "Hamilton CAN"]
[Date "2022.07.10"]
[Round "6.5"]
[White "Li, Sophia"]
[Black "Pillai, Arya"]
[Result "1-0"]
[WhiteElo "655"]
[BlackElo "739"]
[PlyCount "67"]
[EventDate "2022.07.08"]
[EventType "swiss"]
[EventRounds "5"]
[EventCountry "CAN"]

1. e4 e5 2. Nf3 Nc6 3. Nc3 Nf6 4. h3 Bb4 5. Bb5 Bxc3 6. dxc3 d6 7. Be3 Nxe4 8.
Qd3 Nf6 9. Nd2 Be6 10. Bg5 a6 11. Ba4 b5 12. Bb3 h6 13. Bh4 g5 14. Bg3 Qd7 15.
Bxe6 Qxe6 16. Ne4 Nxe4 17. Qxe4 d5 18. Qd3 e4 19. Qe3 O-O-O 20. Qc5 f5 21. f4
gxf4 22. Bxf4 Ne5 23. O-O-O Rd7 24. Bxe5 Qxe5 25. Qc6 Rd6 26. Qa8+ Kd7 27. Qa7
Qf4+ 28. Kb1 Rg8 29. Rhf1 Qh2 30. Qf2 Rf6 31. Rxd5+ Ke7 32. Qc5+ Kf7 33. Rd7+
Ke6 34. Qd5# 1-0

[Event "CYCC U08 w"]
[Site "Hamilton CAN"]
[Date "2022.07.11"]
[Round "7.2"]
[White "Huang, Chloe"]
[Black "Li, Sophia"]
[Result "1-0"]
[WhiteElo "989"]
[BlackElo "655"]
[PlyCount "57"]
[EventDate "2022.07.08"]
[EventType "swiss"]
[EventRounds "5"]
[EventCountry "CAN"]

1. e4 e5 2. Nf3 Nc6 3. Bc4 Bc5 4. c3 Nf6 5. d4 exd4 6. cxd4 Bb4+ 7. Nc3 Nxe4 8.
O-O d5 9. Bxd5 Nxc3 10. Qe1+ Be6 11. Bxe6 fxe6 12. Qxe6+ Ne7 13. bxc3 Bxc3 14.
Rb1 Bxd4 15. Nxd4 Qxd4 16. Ba3 Qf6 17. Rfe1 Qxe6 18. Rxe6 O-O-O 19. Rxe7 Rd3
20. Bb2 Rhd8 21. g3 h5 22. Be5 Kb8 23. Bxc7+ Kc8 24. Bxd8 Kxd8 25. Rbxb7 g5 26.
Rxa7 Kc8 27. Re1 Kb8 28. Ree7 Kc8 29. Ra8# 1-0

[Event "CYCC U08 w"]
[Site "Hamilton CAN"]
[Date "2022.07.11"]
[Round "7.3"]
[White "Sreekumar, Gayathri"]
[Black "Deshpande, Rucha"]
[Result "1-0"]
[WhiteElo "916"]
[BlackElo "801"]
[PlyCount "109"]
[EventDate "2022.07.08"]
[EventType "swiss"]
[EventRounds "5"]
[EventCountry "CAN"]

1. d4 d5 2. c4 e6 3. Nc3 Nf6 4. Nf3 Nc6 5. Bf4 Bb4 6. a3 Bxc3+ 7. bxc3 dxc4 8.
e3 O-O 9. Bxc4 h6 10. O-O Bd7 11. Rb1 Rb8 12. Re1 Re8 13. e4 a6 14. Qc2 Qe7 15.
Bxc7 Rbc8 16. Rxb7 Na5 17. Bxa5 Rxc4 18. Reb1 Qf8 19. Bb4 Rxb4 20. R1xb4 Qe7
21. Rb8 Rxb8 22. Rxb8+ Ne8 23. Qb1 Bb5 24. c4 Bxc4 25. Qb7 Qxb7 26. Rxb7 Nd6
27. Rd7 Nxe4 28. Ne5 Bb5 29. Rxf7 Be8 30. Rf4 Nf6 31. g4 Nd5 32. Rf3 a5 33. h4
g5 34. h5 Nf4 35. Ng6 Bxg6 36. hxg6 Nxg6 37. Rf6 Nf4 38. Rxh6 Ne2+ 39. Kf1 Nxd4
40. Rg6+ Kf7 41. Rxg5 a4 42. Ra5 Nc6 43. Rxa4 Kf6 44. Ra6 Ne5 45. a4 Nxg4 46.
a5 Kf5 47. Ra8 e5 48. a6 e4 49. a7 e3 50. Rf8+ Ke4 51. a8=Q+ Kd3 52. Qd5+ Kc2
53. Rc8+ Kb1 54. Qb3+ Ka1 55. Ra8# 1-0